La polt̕ica criminal en Mx̌ico Perspectiva de Derechos Humanos /

Bibliographic Details
Main Author: Gm̤ez Reyes, Jos ̌Alfredo
Format: eBook
Language:Spanish
Published: Veracruz: Universidad de Xalapa, 2017
Subjects:
Online Access:Acceso restringido

MARC

LEADER 00000nam a22000007a 4500
005 20180402221915.0
007 cr|||| ||||
008 180402s2017 mx |||||s|||| 00||0 spa d
020 |a 978-607-8156-56-6 
035 |a 21201 
040 |a vLex 
090 |c 7641  |d 7641 
100 1 |a Gm̤ez Reyes, Jos ̌Alfredo 
245 1 2 |a La polt̕ica criminal en Mx̌ico  |h [Recurso electrn̤ico] :  |b Perspectiva de Derechos Humanos /  |c Jos ̌Alfredo Gm̤ez Reyes 
256 |a Servicio en ln̕ea 
260 |a Veracruz:  |b Universidad de Xalapa,  |c 2017 
300 |a 1 recurso electrn̤ico 
506 1 |a Disponible solo en los productos indicados  |d vLex Global  |d vLex Global (Academic Edition, excluding Law Schools)  |d vLex Global (U.S. Academic Edition, Law Schools)  |d vLex Global (U.S. Academic Edition, excluding Law Schools)  |d vLex Global (Academic Edition, Law Schools) 
650 0 4 |a Derecho Penal  |z Mx̌ico 
740 0 |a vLex Libros (Servicio en ln̕ea) 
856 4 0 |u http://vlex.com/source/politica-criminal-mexico-perspectiva-derechos-humanos-21201  |z Acceso restringido 
942 |c BOOK 
999 0 |a Criminal law